№ 51 : Биология и почвоведение; Ученые записки

Detalhes bibliográficos
Parent link:Ученые записки: [сборник статей]/ Томский государственный университет (ТГУ). № 51 : Биология и почвоведение.— , 1946-
Outros Autores: Иоганзен Б. Г. (редактор)
Idioma:russo
Publicado em: 1965
Assuntos:
Formato: MixedMaterials Livro
KOHA link:https://koha.lib.tpu.ru/cgi-bin/koha/opac-detail.pl?biblionumber=368725

MARC

LEADER 00000nam2a2200000 4500
001 368725
005 20231102012118.0
035 |a (RuTPU)RU\TPU\retro\26107 
035 |a RU\TPU\retro\26050 
090 |a 368725 
100 |a 20220419d1965 k y0rusy50 ca 
101 0 |a rus 
102 |a RU 
105 |a a z 001zy 
200 0 |a № 51 : Биология и почвоведение  |f под ред. Б. Г. Иоганзена 
210 |d 1965 
215 |a 218 с.  |c ил., карта 
320 |a Библиография в конце статей 
461 1 |0 (RuTPU)RU\TPU\retro\10857  |t Ученые записки  |o [сборник статей]  |f Томский государственный университет (ТГУ)  |v № 51 : Биология и почвоведение  |d 1946-   |s Ученые записки Томского государственного университета (ТГУ) 
606 1 |a Университеты  |2 stltpush  |3 (RuTPU)RU\TPU\subj\63052  |9 80100 
606 1 |a Биология  |2 stltpush  |3 (RuTPU)RU\TPU\subj\68258  |9 83692 
606 1 |a Почвоведение  |2 stltpush  |3 (RuTPU)RU\TPU\subj\71851  |9 85566 
610 1 |a торфяные залежи 
610 1 |a Васюганское болото 
610 1 |a растительность 
610 1 |a цветковые растения 
610 1 |a морфология 
610 1 |a Куба 
610 1 |a разложение 
610 1 |a мучнистая роса 
610 1 |a посевной материал 
610 1 |a бобовые культуры 
610 1 |a молибден 
610 1 |a Западная Сибирь 
610 1 |a копытные 
610 1 |a лоси 
610 1 |a елец 
610 1 |a клещи 
610 1 |a рыбные запасы 
610 1 |a физиология 
610 1 |a ихтиология 
610 1 |a почвы 
610 1 |a Томская область 
610 1 |a Хакасия 
610 1 |a окультуривание 
610 1 |a экспедиции 
675 |a 57  |v 3 
686 |a Ч484(2)71  |2 rubbk 
702 1 |a Иоганзен  |b Б. Г.  |4 340 
801 1 |a RU  |b 63413507  |c 20130206 
801 2 |a RU  |b 63413507  |c 20220421  |g RCR 
942 |c BK